Представление документа в формате MARC21

ПолеНазваниеЗначение
  Тип записи a
  Библиографический уровень m
001 Контрольный номер RU/URAIT/584254
005 Дата корректировки 20260429163712.9
008 Кодируемые данные 260429s2026 RU y f j 000 0 rus u
020 Индекс ISBN __
a ISBN 978-5-534-01867-7
c Цена, тираж 1739.00
040 Источник каталогиз. __
a Служба первич. каталог. ИКО Юрайт
c Служба, преобразующая запись ИКО Юрайт
e Правила каталог. RCR
041 Код языка издания __
a Код языка текста rus
044 Код страны публикации __
a Код страны публикации RU
080 Индекс УДК __
a Индекс УДК 681.3(075.8)
084 Индекс другой классификации/Индекс ББК __
2 Источник индекса rubbk
a Индекс другой классификации/Индекс ББК 32.85я73
100 Автор __
a Автор Щука А. А.
q Полное имя Щука Александр Александрович
245 Заглавие __
a Заглавие Электроника в 4 ч. Часть 2. Микроэлектроника
b Продолж. заглавия учебник для вузов
c Ответственность А. А. Щука, А. С. Сигов ; ответственный редактор А. С. Сигов.
250 Сведения об издании __
g испр. и доп
a Основные сведения об издании 2-е изд.
256 Характеристики компьютерного файла __
a Характеристики компьютерного файла Электрон. дан.
260 Выходные данные __
a Место издания Москва
b Издательство Юрайт
c Дата издания 2026
300 Физическое описание __
a Объем 326 с
440 Серия __
a Серия Высшее образование
500 Примечания __
a Примечание URL: https://urait.ru/bcode/584254 (дата обращения: 29.04.2026).
520 Аннотация __
a Аннотация Учебник содержит лекции по общепрофессиональным дисциплинам направления "Электроника и микроэлектроника". При изложении материала используется системный подход к изучению разделов электроники: вакуумной и плазменной электроники, твердотельной электроники и микроэлектроники, квантовой и оптической электроники, а также недостаточно освещенных в учебной литературе разделов наноэлектроники, функциональной электроники. Впервые в учебной литературе уделено внимание истории становления определенного направления электроники и достижениям отечественной науки и техники в этой области. Систематизация и классификация материала позволила изложить его компактно и ясно. В каждом разделе приведены контрольные вопросы и типовые задачи с решениями, некоторые из них выполнены с помощью стандартных компьютерных программ. Учебник предназначен для студентов электронных и радиотехнических специальностей вузов, студентов, изучающих приборы и устройства вычислительной техники, аспирантов и инженеров соответствующих специальностей.
538 Прим. о системных особенностях __
a Прим. о системных особенностях Режим доступа: Электронно-библиотечная система Юрайт, для авториз. пользователей
653 Ключевые слова __
a Ключевые слова Электротехника, электроника, телекоммуникации
653 Ключевые слова __
a Ключевые слова Технические науки
653 Ключевые слова __
a Ключевые слова Вакуумная и плазменная электроника
653 Ключевые слова __
a Ключевые слова Квантовая электроника
653 Ключевые слова __
a Ключевые слова Микроэлектроника
653 Ключевые слова __
a Ключевые слова Общая электротехника и электроника
653 Ключевые слова __
a Ключевые слова Радиофизика и электроника
653 Ключевые слова __
a Ключевые слова Физические основы квантовой электроники
653 Ключевые слова __
a Ключевые слова Физические основы микроэлектроники
653 Ключевые слова __
a Ключевые слова Функциональная электроника
653 Ключевые слова __
a Ключевые слова Электроника
653 Ключевые слова __
a Ключевые слова Электроника и микропроцессорная техника
653 Ключевые слова __
a Ключевые слова Электронные промышленные устройства
653 Ключевые слова __
a Ключевые слова Электротехника и электроника
653 Ключевые слова __
a Ключевые слова Основы электротехники и электроники
653 Ключевые слова __
a Ключевые слова Конструирование, проектирование и технология автоматических электронных и микроэлектронных систем физических установок и АСНИ
653 Ключевые слова __
a Ключевые слова Диагностика плазмы
653 Ключевые слова __
a Ключевые слова Электроника и схемотехника
653 Ключевые слова __
a Ключевые слова Электротехника, электроника и схемотехника
653 Ключевые слова __
a Ключевые слова Основы физики и электроники
653 Ключевые слова __
a Ключевые слова Основы квантовой электроники
653 Ключевые слова __
a Ключевые слова Электроника и измерительная техника
653 Ключевые слова __
a Ключевые слова Электротехника, электроника и автоматизация
653 Ключевые слова __
a Ключевые слова Электротехника, электроника и электропривод
653 Ключевые слова __
a Ключевые слова Программируемые микроэлектронные устройства
653 Ключевые слова __
a Ключевые слова Теоретические основы электротехники и электроники
653 Ключевые слова __
a Ключевые слова Основы электроники
653 Ключевые слова __
a Ключевые слова Электронная техника
653 Ключевые слова __
a Ключевые слова Электротехника и электронная техника
653 Ключевые слова __
a Ключевые слова Электроника и электротехника
653 Ключевые слова __
a Ключевые слова Электронная и микропроцессорная техника
653 Ключевые слова __
a Ключевые слова Электротехника и основы электронной техники
653 Ключевые слова __
a Ключевые слова Электротехника, электроника и метрология
653 Ключевые слова __
a Ключевые слова Электротехника и основы электроники
653 Ключевые слова __
a Ключевые слова Интегральная микроэлектроника
653 Ключевые слова __
a Ключевые слова Радиофизика и радиоэлектроника
653 Ключевые слова __
a Ключевые слова Физические основы микроэлектроники и измерений
653 Ключевые слова __
a Ключевые слова Явления переноса в плазме
653 Ключевые слова __
a Ключевые слова Физика и электроника
653 Ключевые слова __
a Ключевые слова Электротехника, электроника и автоматика
653 Ключевые слова __
a Ключевые слова Основы микроэлектроники
653 Ключевые слова __
a Ключевые слова Электроника, электротехника и схемотехника
653 Ключевые слова __
a Ключевые слова Основы электроники и схемотехники
653 Ключевые слова __
a Ключевые слова Полиграфические технологии в нано- и микроэлектронике
653 Ключевые слова __
a Ключевые слова Схемотехническое проектирование электронных измерительных средств
653 Ключевые слова __
a Ключевые слова Технологии и материалы квантовой электроники
653 Ключевые слова __
a Ключевые слова Интеллектуальные системы автоматизированного проектирования изделий электроники и микроэлектроники
653 Ключевые слова __
a Ключевые слова Кристаллы в квантовой электронике
653 Ключевые слова __
a Ключевые слова Элементная база в электроэнергетике
653 Ключевые слова __
a Ключевые слова Элементная база электроэнергетики
653 Ключевые слова __
a Ключевые слова Оборудование и технологии формирования тонких пленок в микроэлектронике
653 Ключевые слова __
a Ключевые слова Основы диагностики плазмы
653 Ключевые слова __
a Ключевые слова Основы функциональной электроники
653 Ключевые слова __
a Ключевые слова Природные плазменные явления
653 Ключевые слова __
a Ключевые слова Сигнальные процессоры
653 Ключевые слова __
a Ключевые слова Схемотехника и электроника
653 Ключевые слова __
a Ключевые слова Теория плазмы
653 Ключевые слова __
a Ключевые слова Технологии материалов и компонентов микроэлектроники
653 Ключевые слова __
a Ключевые слова Технологии микроэлектроники
653 Ключевые слова __
a Ключевые слова Функциональная микроэлектроника
653 Ключевые слова __
a Ключевые слова Оптические системы для приборов квантовой электроники
653 Ключевые слова __
a Ключевые слова Плазменные технологии
653 Ключевые слова __
a Ключевые слова Физические основы плазменного состояния
653 Ключевые слова __
a Ключевые слова Элементная база электронных устройств
653 Ключевые слова __
a Ключевые слова Проектирование изделий микроэлектроники
653 Ключевые слова __
a Ключевые слова Процессы микроэлектронного производства
653 Ключевые слова __
a Ключевые слова Физическая химия материалов микроэлектроники
653 Ключевые слова __
a Ключевые слова Компьютерное моделирование в микроэлектронике
653 Ключевые слова __
a Ключевые слова Основы теории микроэлектронных схем
653 Ключевые слова __
a Ключевые слова Синтез и анализ когерентных и некогерентных радиотехнических систем
653 Ключевые слова __
a Ключевые слова Квантовая электроника и лазерная физика
653 Ключевые слова __
a Ключевые слова Теория и применение сигнальных процессоров
653 Ключевые слова __
a Ключевые слова Теоретические основы квантовой электроники
653 Ключевые слова __
a Ключевые слова Микроскопические модели в материалах для квантовой электроники
653 Ключевые слова __
a Ключевые слова Моделирование плазмы
653 Ключевые слова __
a Ключевые слова Теоретические основы электротехники и электроника
653 Ключевые слова __
a Ключевые слова Радиофизическое исследование электромагнитной обстановки
653 Ключевые слова __
a Ключевые слова Введение в микроэлектронику
653 Ключевые слова __
a Ключевые слова Физические основы электроники и микроэлектроники
653 Ключевые слова __
a Ключевые слова Элементная база электронной техники
653 Ключевые слова __
a Ключевые слова Основы проектирования микроэлектронной аппаратуры
653 Ключевые слова __
a Ключевые слова Физическая и интегральная оптика РЭС
653 Ключевые слова __
a Ключевые слова Методы сборки, юстировки и контроля оптико-электронных приборов квантовой электроники
653 Ключевые слова __
a Ключевые слова Современные устройства квантовой электроники
653 Ключевые слова __
a Ключевые слова Основы электронной техники
653 Ключевые слова __
a Ключевые слова Технологические устройства и установки для электроники и микроэлектроники
653 Ключевые слова __
a Ключевые слова Компьютерные программы проектирования и исследования электрических и электронных цепей
653 Ключевые слова __
a Ключевые слова Физические основы вакуума
653 Ключевые слова __
a Ключевые слова Введение в электронику
653 Ключевые слова __
a Ключевые слова Электроника и микроэлектроника
653 Ключевые слова __
a Ключевые слова Микроэлектронная сенсорика
653 Ключевые слова __
a Ключевые слова Волоконно оптическая связь. Плазменная электроника
653 Ключевые слова __
a Ключевые слова Материалы функциональной электроники
653 Ключевые слова __
a Ключевые слова Основы технологии микроэлектроники
653 Ключевые слова __
a Ключевые слова Устройства функциональной электроники
653 Ключевые слова __
a Ключевые слова Физические основы вычислительной техники
653 Ключевые слова __
a Ключевые слова Нелинейные эффекты в плазме
653 Ключевые слова __
a Ключевые слова Электромагнитные волны в плазме
653 Ключевые слова __
a Ключевые слова Вакуумная электроника
653 Ключевые слова __
a Ключевые слова Линейные и нелинейные волновые процессы в плазме
653 Ключевые слова __
a Ключевые слова Квантовая электроника и фотоника
653 Ключевые слова __
a Ключевые слова Физические основы плазменных и лучевых технологий
653 Ключевые слова __
a Ключевые слова Элементная база электронных средств
653 Ключевые слова __
a Ключевые слова Уравнения функциональной электроники
653 Ключевые слова __
a Ключевые слова Измерения в квантовой электронике
653 Ключевые слова __
a Ключевые слова Материалы квантовой электроники
653 Ключевые слова __
a Ключевые слова Промышленные электронные устройства
653 Ключевые слова __
a Ключевые слова Процессы контроля промышленных электронных устройств
653 Ключевые слова __
a Ключевые слова Сигнальные процессоры систем передачи информации
653 Ключевые слова __
a Ключевые слова Автоматизация проектирования: САПР в микроэлектронике
653 Ключевые слова __
a Ключевые слова Технология и проектирование электронных и микроэлектронных систем
653 Ключевые слова __
a Ключевые слова Физические основы высоких технологий
653 Ключевые слова __
a Ключевые слова Состояние и перспективы квантовой электроники
653 Ключевые слова __
a Ключевые слова Методы диагностики пылевой плазмы
653 Ключевые слова __
a Ключевые слова Проектирование микроэлектронных изделий с топологическими нормами до 90 нм
653 Ключевые слова __
a Ключевые слова Турбулентность в космической плазме
653 Ключевые слова __
a Ключевые слова Физические основы наукоемких технологий
653 Ключевые слова __
a Ключевые слова Автоматизация микроэлектронного производства
653 Ключевые слова __
a Ключевые слова Математическое моделирование и САПР в микроэлектронике
653 Ключевые слова __
a Ключевые слова Конструирование устройств квантовой электроники и фотоники
653 Ключевые слова __
a Ключевые слова Материалы для приборов фотоники и квантовой электроники
653 Ключевые слова __
a Ключевые слова Основы квантовой электроники и фотоники
653 Ключевые слова __
a Ключевые слова Физические основы полупроводниковой и функциональной электроники
653 Ключевые слова __
a Ключевые слова Избранные главы квантовой электроники
653 Ключевые слова __
a Ключевые слова Основы электроники и электротехники
653 Ключевые слова __
a Ключевые слова Информатика в микроэлектронике
653 Ключевые слова __
a Ключевые слова Специализированные БИС и устройства функциональной электроники в приборостроении
653 Ключевые слова __
a Ключевые слова Устройства функциональной электроники в радиоэлектронных системах и комплексах
653 Ключевые слова __
a Ключевые слова Теоретическая электротехника и электроника
653 Ключевые слова __
a Ключевые слова Метрология в квантовой электронике
653 Ключевые слова __
a Ключевые слова Проектирование микроэлектронных средств
653 Ключевые слова __
a Ключевые слова Технологические процессы микроэлектроники
653 Ключевые слова __
a Ключевые слова Электронно-электротехническая элементная база оптико-электронных систем
653 Ключевые слова __
a Ключевые слова Приборы квантовой электроники
653 Ключевые слова __
a Ключевые слова Современные технологии в микроэлектронике
653 Ключевые слова __
a Ключевые слова Физические основы плазменных технологий
653 Ключевые слова __
a Ключевые слова Электротехническое обеспечение источников и приемников излучения
653 Ключевые слова __
a Ключевые слова Электрофизические и плазменные установки
653 Ключевые слова __
a Ключевые слова Физические основы микроэлектронной медицинской техники
653 Ключевые слова __
a Ключевые слова Основы квантовой электроники и лазерной техники
653 Ключевые слова __
a Ключевые слова Быстродействующие устройства функциональной электроники
653 Ключевые слова __
a Ключевые слова Моделирование процессов в плазме
653 Ключевые слова __
a Ключевые слова Оптическая микроэлектроника
653 Ключевые слова __
a Ключевые слова Технологии материалов и устройств функциональной электроники
653 Ключевые слова __
a Ключевые слова Математические методы в проектировании и производстве микроэлектронных средств
653 Ключевые слова __
a Ключевые слова Устройства интегральной и функциональной электроники
653 Ключевые слова __
a Ключевые слова Электротехника и электроника. Раздел Электроника
653 Ключевые слова __
a Ключевые слова Процессы в газовых разрядах и электродах в вакууме
653 Ключевые слова __
a Ключевые слова Электротехника, электроника
653 Ключевые слова __
a Ключевые слова Технология материалов квантовой электроники
653 Ключевые слова __
a Ключевые слова Основы робототехники и микроэлектроники
700 Другие авторы __
a Другие авторы Сигов А. С.
q Полное имя Сигов Александр Сергеевич
4 Код отношения 340
856 Электронный адрес документа 40
n Местонахождение сервера Юрайт
g Электронная книга
q Тип электронного формата html
h Имя пользователя ЮРАЙТ
v Часы доступа к ресурсу 20271231
2 Способ доступа Показать документ
x Служебное примечание https://urait.ru/book/cover/F7CE3636-5043-4561-B405-4523D84C628F
u URL https://urait.ru/bcode/584254
856 Электронный адрес документа 48
q Тип электронного формата cover
u URL https://urait.ru/book/cover/F7CE3636-5043-4561-B405-4523D84C628F
911 __
u 0030=https://urait.ru/bcode/584254
911 __
u 073a=9785534018677
u 073d=1739.00
911 __
u 106a=s
911 __
u 900l=
952 Тип литературы __
i Дисциплина Вакуумная и плазменная электроника
952 Тип литературы __
i Дисциплина Квантовая электроника
952 Тип литературы __
i Дисциплина Микроэлектроника
952 Тип литературы __
i Дисциплина Общая электротехника и электроника
952 Тип литературы __
i Дисциплина Радиофизика и электроника
952 Тип литературы __
i Дисциплина Физические основы квантовой электроники
952 Тип литературы __
i Дисциплина Физические основы микроэлектроники
952 Тип литературы __
i Дисциплина Функциональная электроника
952 Тип литературы __
i Дисциплина Электроника
952 Тип литературы __
i Дисциплина Электроника и микропроцессорная техника
952 Тип литературы __
i Дисциплина Электронные промышленные устройства
952 Тип литературы __
i Дисциплина Электротехника и электроника
952 Тип литературы __
i Дисциплина Основы электротехники и электроники
952 Тип литературы __
i Дисциплина Конструирование, проектирование и технология автоматических электронных и микроэлектронных систем физических установок и АСНИ
952 Тип литературы __
i Дисциплина Диагностика плазмы
952 Тип литературы __
i Дисциплина Электроника и схемотехника
952 Тип литературы __
i Дисциплина Электротехника, электроника и схемотехника
952 Тип литературы __
i Дисциплина Основы физики и электроники
952 Тип литературы __
i Дисциплина Основы квантовой электроники
952 Тип литературы __
i Дисциплина Электроника и измерительная техника
952 Тип литературы __
i Дисциплина Электротехника, электроника и автоматизация
952 Тип литературы __
i Дисциплина Электротехника, электроника и электропривод
952 Тип литературы __
i Дисциплина Программируемые микроэлектронные устройства
952 Тип литературы __
i Дисциплина Теоретические основы электротехники и электроники
952 Тип литературы __
i Дисциплина Основы электроники
952 Тип литературы __
i Дисциплина Электронная техника
952 Тип литературы __
i Дисциплина Электротехника и электронная техника
952 Тип литературы __
i Дисциплина Электроника и электротехника
952 Тип литературы __
i Дисциплина Электронная и микропроцессорная техника
952 Тип литературы __
i Дисциплина Электротехника и основы электронной техники
952 Тип литературы __
i Дисциплина Электротехника, электроника и метрология
952 Тип литературы __
i Дисциплина Электротехника и основы электроники
952 Тип литературы __
i Дисциплина Интегральная микроэлектроника
952 Тип литературы __
i Дисциплина Радиофизика и радиоэлектроника
952 Тип литературы __
i Дисциплина Физические основы микроэлектроники и измерений
952 Тип литературы __
i Дисциплина Явления переноса в плазме
952 Тип литературы __
i Дисциплина Физика и электроника
952 Тип литературы __
i Дисциплина Электротехника, электроника и автоматика
952 Тип литературы __
i Дисциплина Основы микроэлектроники
952 Тип литературы __
i Дисциплина Электроника, электротехника и схемотехника
952 Тип литературы __
i Дисциплина Основы электроники и схемотехники
952 Тип литературы __
i Дисциплина Полиграфические технологии в нано- и микроэлектронике
952 Тип литературы __
i Дисциплина Схемотехническое проектирование электронных измерительных средств
952 Тип литературы __
i Дисциплина Технологии и материалы квантовой электроники
952 Тип литературы __
i Дисциплина Интеллектуальные системы автоматизированного проектирования изделий электроники и микроэлектроники
952 Тип литературы __
i Дисциплина Кристаллы в квантовой электронике
952 Тип литературы __
i Дисциплина Элементная база в электроэнергетике
952 Тип литературы __
i Дисциплина Элементная база электроэнергетики
952 Тип литературы __
i Дисциплина Оборудование и технологии формирования тонких пленок в микроэлектронике
952 Тип литературы __
i Дисциплина Основы диагностики плазмы
952 Тип литературы __
i Дисциплина Основы функциональной электроники
952 Тип литературы __
i Дисциплина Природные плазменные явления
952 Тип литературы __
i Дисциплина Сигнальные процессоры
952 Тип литературы __
i Дисциплина Схемотехника и электроника
952 Тип литературы __
i Дисциплина Теория плазмы
952 Тип литературы __
i Дисциплина Технологии материалов и компонентов микроэлектроники
952 Тип литературы __
i Дисциплина Технологии микроэлектроники
952 Тип литературы __
i Дисциплина Функциональная микроэлектроника
952 Тип литературы __
i Дисциплина Оптические системы для приборов квантовой электроники
952 Тип литературы __
i Дисциплина Плазменные технологии
952 Тип литературы __
i Дисциплина Физические основы плазменного состояния
952 Тип литературы __
i Дисциплина Элементная база электронных устройств
952 Тип литературы __
i Дисциплина Проектирование изделий микроэлектроники
952 Тип литературы __
i Дисциплина Процессы микроэлектронного производства
952 Тип литературы __
i Дисциплина Физическая химия материалов микроэлектроники
952 Тип литературы __
i Дисциплина Компьютерное моделирование в микроэлектронике
952 Тип литературы __
i Дисциплина Основы теории микроэлектронных схем
952 Тип литературы __
i Дисциплина Синтез и анализ когерентных и некогерентных радиотехнических систем
952 Тип литературы __
i Дисциплина Квантовая электроника и лазерная физика
952 Тип литературы __
i Дисциплина Теория и применение сигнальных процессоров
952 Тип литературы __
i Дисциплина Теоретические основы квантовой электроники
952 Тип литературы __
i Дисциплина Микроскопические модели в материалах для квантовой электроники
952 Тип литературы __
i Дисциплина Моделирование плазмы
952 Тип литературы __
i Дисциплина Теоретические основы электротехники и электроника
952 Тип литературы __
i Дисциплина Радиофизическое исследование электромагнитной обстановки
952 Тип литературы __
i Дисциплина Введение в микроэлектронику
952 Тип литературы __
i Дисциплина Физические основы электроники и микроэлектроники
952 Тип литературы __
i Дисциплина Элементная база электронной техники
952 Тип литературы __
i Дисциплина Основы проектирования микроэлектронной аппаратуры
952 Тип литературы __
i Дисциплина Физическая и интегральная оптика РЭС
952 Тип литературы __
i Дисциплина Методы сборки, юстировки и контроля оптико-электронных приборов квантовой электроники
952 Тип литературы __
i Дисциплина Современные устройства квантовой электроники
952 Тип литературы __
i Дисциплина Основы электронной техники
952 Тип литературы __
i Дисциплина Технологические устройства и установки для электроники и микроэлектроники
952 Тип литературы __
i Дисциплина Компьютерные программы проектирования и исследования электрических и электронных цепей
952 Тип литературы __
i Дисциплина Физические основы вакуума
952 Тип литературы __
i Дисциплина Введение в электронику
952 Тип литературы __
i Дисциплина Электроника и микроэлектроника
952 Тип литературы __
i Дисциплина Микроэлектронная сенсорика
952 Тип литературы __
i Дисциплина Волоконно оптическая связь. Плазменная электроника
952 Тип литературы __
i Дисциплина Материалы функциональной электроники
952 Тип литературы __
i Дисциплина Основы технологии микроэлектроники
952 Тип литературы __
i Дисциплина Устройства функциональной электроники
952 Тип литературы __
i Дисциплина Физические основы вычислительной техники
952 Тип литературы __
i Дисциплина Нелинейные эффекты в плазме
952 Тип литературы __
i Дисциплина Электромагнитные волны в плазме
952 Тип литературы __
i Дисциплина Вакуумная электроника
952 Тип литературы __
i Дисциплина Линейные и нелинейные волновые процессы в плазме
952 Тип литературы __
i Дисциплина Квантовая электроника и фотоника
952 Тип литературы __
i Дисциплина Физические основы плазменных и лучевых технологий
952 Тип литературы __
i Дисциплина Элементная база электронных средств
952 Тип литературы __
i Дисциплина Уравнения функциональной электроники
952 Тип литературы __
i Дисциплина Измерения в квантовой электронике
952 Тип литературы __
i Дисциплина Материалы квантовой электроники
952 Тип литературы __
i Дисциплина Промышленные электронные устройства
952 Тип литературы __
i Дисциплина Процессы контроля промышленных электронных устройств
952 Тип литературы __
i Дисциплина Сигнальные процессоры систем передачи информации
952 Тип литературы __
i Дисциплина Автоматизация проектирования: САПР в микроэлектронике
952 Тип литературы __
i Дисциплина Технология и проектирование электронных и микроэлектронных систем
952 Тип литературы __
i Дисциплина Физические основы высоких технологий
952 Тип литературы __
i Дисциплина Состояние и перспективы квантовой электроники
952 Тип литературы __
i Дисциплина Методы диагностики пылевой плазмы
952 Тип литературы __
i Дисциплина Проектирование микроэлектронных изделий с топологическими нормами до 90 нм
952 Тип литературы __
i Дисциплина Турбулентность в космической плазме
952 Тип литературы __
i Дисциплина Физические основы наукоемких технологий
952 Тип литературы __
i Дисциплина Автоматизация микроэлектронного производства
952 Тип литературы __
i Дисциплина Математическое моделирование и САПР в микроэлектронике
952 Тип литературы __
i Дисциплина Конструирование устройств квантовой электроники и фотоники
952 Тип литературы __
i Дисциплина Материалы для приборов фотоники и квантовой электроники
952 Тип литературы __
i Дисциплина Основы квантовой электроники и фотоники
952 Тип литературы __
i Дисциплина Физические основы полупроводниковой и функциональной электроники
952 Тип литературы __
i Дисциплина Избранные главы квантовой электроники
952 Тип литературы __
i Дисциплина Основы электроники и электротехники
952 Тип литературы __
i Дисциплина Информатика в микроэлектронике
952 Тип литературы __
i Дисциплина Специализированные БИС и устройства функциональной электроники в приборостроении
952 Тип литературы __
i Дисциплина Устройства функциональной электроники в радиоэлектронных системах и комплексах
952 Тип литературы __
i Дисциплина Теоретическая электротехника и электроника
952 Тип литературы __
i Дисциплина Метрология в квантовой электронике
952 Тип литературы __
i Дисциплина Проектирование микроэлектронных средств
952 Тип литературы __
i Дисциплина Технологические процессы микроэлектроники
952 Тип литературы __
i Дисциплина Электронно-электротехническая элементная база оптико-электронных систем
952 Тип литературы __
i Дисциплина Приборы квантовой электроники
952 Тип литературы __
i Дисциплина Современные технологии в микроэлектронике
952 Тип литературы __
i Дисциплина Физические основы плазменных технологий
952 Тип литературы __
i Дисциплина Электротехническое обеспечение источников и приемников излучения
952 Тип литературы __
i Дисциплина Электрофизические и плазменные установки
952 Тип литературы __
i Дисциплина Физические основы микроэлектронной медицинской техники
952 Тип литературы __
i Дисциплина Основы квантовой электроники и лазерной техники
952 Тип литературы __
i Дисциплина Быстродействующие устройства функциональной электроники
952 Тип литературы __
i Дисциплина Моделирование процессов в плазме
952 Тип литературы __
i Дисциплина Оптическая микроэлектроника
952 Тип литературы __
i Дисциплина Технологии материалов и устройств функциональной электроники
952 Тип литературы __
i Дисциплина Математические методы в проектировании и производстве микроэлектронных средств
952 Тип литературы __
i Дисциплина Устройства интегральной и функциональной электроники
952 Тип литературы __
i Дисциплина Электротехника и электроника. Раздел Электроника
952 Тип литературы __
i Дисциплина Процессы в газовых разрядах и электродах в вакууме
952 Тип литературы __
i Дисциплина Электротехника, электроника
952 Тип литературы __
i Дисциплина Технология материалов квантовой электроники
952 Тип литературы __
i Дисциплина Основы робототехники и микроэлектроники